000 00566nam a2200181Ia 4500
003 GCL
008 140319s9999 xx 000 0 ara d
040 _aGCL /
_cGCL
082 0 4 _a415.1
_bب ع
100 1 _aالبدراوى زهران
245 1 0 _aعالم اللغه عبدالقادر المرجانى المفتن من العربية ونحوها /
_cالبدراوى زهران
260 _a[S.N] :
_bدار المعارف ،
_c1987
300 _a298 ص
490 _a
650 0 4 _aالنحو
650 0 4 _aاللغة العربية
942 _2ddc
_cBK
999 _c29241
_d29241